000 00907cam a2200253 a 4500
001 000010634
005 20200929162249.0
008 830823s1931 mx 010 0 spa d
040 _aDO-SdBNP
_bspa
_cLC
_dBNPHU
050 0 0 _aPA6825
_b.A3 1931
082 _ann*
_bH765
245 0 0 _aHomenaje de México al poeta Virgilio en el segundo milenario de su nacimiento.
260 _a[México] ;,
_c1931.
300 _a572 p. :
_b[s.n.] ;
_c24 cm.
600 0 0 _aVirgil
_xCriticism and interpretation.
_925727
600 0 0 _aVirgil
_xAppreciation
_zMexico.
_925728
600 0 0 _aVirgil
_xAnniversaries, etc.
_925729
710 1 _aMéxico.
_tDepartamento de educacion pública.
_925730
700 1 _aRamírez Cabanas, Joaquin,
_d1886-
_925731
700 1 _aGonzalez Casanova, Pablo,
_d1889-1936.
_925732
700 1 _aSilva y Aceves, Mariano,
_d1887-
_925733
910 _aCatalogación por copia / LC
049 _aBNGR
999 _c10392
_d10392